000 00351pam a2200145a 44500
008 230405s2000 xxu||||| |||| 00| 0 eng d
041 _aENG
100 _aKEISER GERD
245 _aOPTICAL FIBER COMMUNICATION
260 _aNEW DELHI
_bMCGRAW HILL INTERNATIONAL
_c2000
300 _aPB,XXI,602
650 _aE&TC
690 _aE&TC
906 _a1841
999 _c816036
_d816036